Statistics for Countries closest to Serbia

Click here to take the quiz!

General Stats

  • This quiz has been taken 1,606 times
    (1,577 since last reset)
  • The average score is 18 of 20

Answer Stats

KmCountry% Correct
0Croatia
98%
0Montenegro
98%
0Romania
98%
0Bosnia and Herzegovina
97%
0Bulgaria
97%
118Greece
97%
0Hungary
97%
0Albania
96%
0Macedonia
96%
195Slovenia
96%
261Italy
95%
191Slovakia
94%
237Austria
93%
325Turkey
91%
288Ukraine
87%
440Moldova
85%
339Poland
83%
332Czech Republic
68%
328San Marino
68%
360Vatican
66%

Score Distribution

Percentile by Number Answered

Percent of People with Each Score

Your Score History

You have not taken this quiz since the last reset